| 000 | 00776nam a2200229 a 4500 | ||
|---|---|---|---|
| 001 | 48438 | ||
| 003 | BD-RjUL | ||
| 005 | 20211209054526.0 | ||
| 008 | 160814s1985 BG ||||| |||| 00| 0 ben d | ||
| 020 | _c:TK. 22.00 | ||
| 035 | _a(BD-RjUL)48557 | ||
| 040 |
_aBD-RjUL _bben _cBD-RjUL |
||
| 041 | _aben | ||
| 082 |
_223 _a891.441 _bATS 1985 |
||
| 100 | 1 |
_aআতীকুল্লাহ, সাইয়িদ _9146439 |
|
| 245 | 1 | 0 |
_a সরল চালের খেলা / _cসাইয়িদ আতীকুল্লাহ |
| 260 |
_aচট্টগ্রাম : _bবইঘর, _c১৯৮৫ |
||
| 300 |
_a৪৮ পৃ ; _c২১ সেমি. |
||
| 650 |
_aবাংলা _vকবিতা _9146440 |
||
| 650 |
_aBengali _vPoetry _9146441 |
||
| 942 |
_2ddc _cBK |
||
| 999 |
_c48438 _d48438 |
||